Statistics for Disney Channel TV Shows

Click here to take the quiz!

General Stats

  • This quiz has been taken 73,132 times
    (20,602 since last reset)
  • The average score is 10 of 18

Answer Stats

HintShow% Correct
Teenager leads a double life as an average schoolgirl by day - and a famous
recording artist by night!
Hannah Montana
92%
Family of wizards try to hide their powers.Wizards of Waverly
Place
90%
Summer vacation lasts 104 days. These step-brothers will use every one to
do things like fight a monkey or surf a tidal wave.
Phineas and Ferb
83%
Two twins have an awesome existence in a swanky hotel.The Suite Life
of Zack and Cody
80%
Psychic girl and her friends live in San Francisco. Ya nasty!That's So Raven
77%
Teenage girl fights crime with the help of her best friend, Ron Stoppable.Kim Possible
76%
Two girls are best friends who dance on a local Chicago TV show.Shake It Up
69%
Family of six learn what it's like to raise a toddler in Colorado.Good Luck Charlie
61%
Cory and Topanga had a daughter who is now in high school.Girl Meets World
59%
Musically-talented girl gets admitted to a school for children with
"Advanced Natural Talent".
A.N.T. Farm
49%
Teenager becomes the newest member of the sketch comedy show "So Random!"Sonny With a Chance
47%
A boy moves into the White House when his dad becomes the President's chef.Cory in the House
46%
Thirteen year old girl has an animated alter-ego who tells her true feelings.Lizzie McGuire
42%
Siblings spend the summer with with their great uncle in a spooky town in Oregon.Gravity Falls
37%
Britney Spears, Justin Timberlake, and others perform songs and skits.The All-New
Mickey Mouse Club
26%
Boy and his family get stuck in the 21st century when their time machine breaks down.Phil of the Future
25%
African-American snack salesman is very protective of his teenage daughter Trudy.The Proud Family
22%
A show that is not afraid to ask the question: "what if your sister were actually your mom"?Andi Mack
17%

Score Distribution

Percentile by Number Answered

Percent of People with Each Score

Your Score History

You have not taken this quiz since the last reset